ბათუმის შოთა რუსთაველის სახელმწიფო უნივერსიტეტის ბიბლიოთეკა

Использование пластических масс и синтетических материалов в нефтегазовой промышлености. (ბიბ.ჩანაწერი № 37320)

000 -LEADER
fixed length control field 00828nam a2200205Ia 4500
001 - CONTROL NUMBER
control field 3279
003 - CONTROL NUMBER IDENTIFIER
control field GE_BSU
008 - FIXED-LENGTH DATA ELEMENTS--GENERAL INFORMATION
fixed length control field 181216s||||||||xx |||||||||||||| ||und||
040 ## - CATALOGING SOURCE
Transcribing agency GE_BSU
080 ## - UNIVERSAL DECIMAL CLASSIFICATION NUMBER
Universal Decimal Classification number 678.5
100 ## - MAIN ENTRY--PERSONAL NAME
Personal name Лосев,Б.И. Монина,М.Л. Путинцев,Г.В.
245 ## - TITLE STATEMENT
Title Использование пластических масс и синтетических материалов в нефтегазовой промышлености.
245 ## - TITLE STATEMENT
Statement of responsibility, etc. Вед. ред. М.М.Новикова.
260 ## - PUBLICATION, DISTRIBUTION, ETC.
Place of publication, distribution, etc. М.
260 ## - PUBLICATION, DISTRIBUTION, ETC.
Name of publisher, distributor, etc. Недра.
260 ## - PUBLICATION, DISTRIBUTION, ETC.
Date of publication, distribution, etc. 1962.
300 ## - PHYSICAL DESCRIPTION
Extent 242 стр. с илл. 22 см.
653 ## - INDEX TERM--UNCONTROLLED
Uncontrolled term Использование пластических масс и синтетических материалов в нефтегазовой промышлености.
942 ## - ADDED ENTRY ELEMENTS (KOHA)
Koha item type წიგნი
ეგზემპლარები
Withdrawn status Lost status Damaged status Not for loan Date acquired Barcode Date last seen Price effective from Koha item type
        2018-12-17 9412 2018-12-17 2018-12-17 წიგნი
        2018-12-17 9413 2018-12-17 2018-12-17 წიგნი